Frank Wood's Business Accounting 1 (Record no. 3900)
[ view plain ]
| 005 - DATE AND TIME OF LATEST TRANSACTION | |
|---|---|
| control field | 20250612162202.0 |
| 020 ## - INTERNATIONAL STANDARD BOOK NUMBER | |
| International Standard Book Number | 978-1-292-08466-4 |
| 100 ## - MAIN ENTRY--PERSONAL NAME | |
| Author name | SANGSTER, A |
| 245 ## - TITLE STATEMENT | |
| Title | Frank Wood's Business Accounting 1 |
| 250 ## - EDITION STATEMENT | |
| Edition statement | 13th Ed. |
| 260 ## - PUBLICATION, DISTRIBUTION, ETC. | |
| Place of publication, distribution, etc. | England |
| Name of publisher, distributor, etc. | Pearson |
| Date of publication, distribution, etc. | 2015 |
| 300 ## - PHYSICAL DESCRIPTION | |
| Extent | xxiv, 804p.: ill; Figure, Table |
| Other physical details | Index |
| Dimensions | 24.6 |
| 942 ## - ADDED ENTRY ELEMENTS (KOHA) | |
| Source of classification or shelving scheme | Dewey Decimal Classification |
| Koha item type | Books |
| Date last seen | Total checkouts | Full call number | Barcode | Date last checked out | Cost, replacement price | Price effective from | Koha item type | Lost status | Source of classification or shelving scheme | Damaged status | Not for loan | Withdrawn status | Home library | Current library | Shelving location | Date acquired | Source of acquisition | Cost, normal purchase price |
|---|---|---|---|---|---|---|---|---|---|---|---|---|---|---|---|---|---|---|
| 03/09/2026 | 1 | 657 SAN | MBY000200 | 02/23/2026 | 376350.00 | 06/12/2025 | Books | Dewey Decimal Classification | CBE MBEYA | CBE MBEYA | Special Reserve Collection | 08/21/2017 | Purchase | 125450.00 | ||||
| 06/28/2025 | 657 SAN | MBY000829 | 376350.00 | 06/28/2025 | Books | Dewey Decimal Classification | CBE MBEYA | CBE MBEYA | General Collection | 12/08/2016 | Purchase | 125450.00 | ||||||
| 03/09/2026 | 1 | 657 SAN | MBY000830 | 02/23/2026 | 376350.00 | 06/28/2025 | Books | Dewey Decimal Classification | CBE MBEYA | CBE MBEYA | General Collection | 12/08/2016 | Purchase | 125450.00 |
